000 00605nam a2200217Ia 4500
005 20250923144657.0
008 008 250917s9999 xx 000 0 eng d
037 _aTextual
040 _aDSWL
_beng
_cDSWL
041 _aeng
_2eng
084 _aX81:Y1y7, J8
_qDSWL
100 _aLewis, Roy
_9827274
245 4 _aThe boss, life and time of the British business
_cby Roy Lewis
260 _aLondon
_b Phoenix House
_c1958
300 _a254p.
365 _aINR
_b21
700 _a R. Stewart
_9827275
925 _g21
942 _cTEXL
_hX81:Y1y7, J8
999 _c1441928
_d1441928